Navegación del océano Atlántico, o sea cuadro general de los vientos y corrientes que se experimentan en dicho mar, con las derrotas que se deben hacer para cruzarlo en todas las direcciones / (Record no. 160586)

MARC details
000 -LEADER
campo de control de longitud fija 01230nam a22002175i 4500
001 - NÚMERO DE CONTROL
campo de control 160586
003 - IDENTIFICADOR DE NÚMERO DE CONTROL
campo de control ES-MaACL
005 - FECHA Y HORA DE LA ÚLTIMA TRANSACCIÓN
campo de control 20250928145354.0
008 - DATOS DE LONGITUD FIJA--INFORMACIÓN GENERAL
campo de control de longitud fija 991230s1864 sp ab |||| | spa d
100 1# - ENTRADA PRINCIPAL--NOMBRE DE PERSONA
Nombre de persona Becher, Alexander Bridport.
9 (RLIN) 125882
245 10 - MENCIÓN DEL TÍTULO
Título Navegación del océano Atlántico, o sea cuadro general de los vientos y corrientes que se experimentan en dicho mar, con las derrotas que se deben hacer para cruzarlo en todas las direcciones /
Mención de responsabilidad, etc. recopilado por A.B. Becher ; traducido en 1857 por Joaquín Navarro y Morgado ; publicado por la Dirección de Hidrografía y aumentado con la descripción de islas, bancos y escollos del indicado mar que se tiene conocimiento de la misma.
260 ## - PUBLICACIÓN, DISTRIBUCIÓN, ETC.
Lugar de publicación, distribución, etc. Madrid :
Nombre del editor, distribuidor, etc. Depósito Hidrográfico,
Fecha de publicación, distribución, etc. 1864 (
Fabricante Imp. de T. Fortanet)
300 ## - DESCRIPCIÓN FÍSICA
Extensión XII, 198 p., [1] h. de mapa pleg. ;
Dimensiones 22 cm.
530 ## - NOTA DISPONIBLE DE FORMULARIO FÍSICO ADICIONAL
Nota de formato físico adicional disponible Disponible en formato digital.
651 #4 - PUNTO DE ACCESO ADICIONAL DE MATERIA--NOMBRE GEOGRÁFICO
Nombre geográfico Atlántico-
Subdivisión general Navegación.
9 (RLIN) 136591
700 1# - ENTRADA AGREGADA--NOMBRE PERSONAL
Nombre de persona Navarro y Morgado, Joaquín,
Fechas asociadas al nombre 1828-1885
9 (RLIN) 130410
710 1# - ENTRADA AGREGADA--NOMBRE DE ENTIDAD CORPORATIVA
Nombre de entidad corporativa o nombre de jurisdicción como elemento de entrada España.
Unidad subordinada Dirección de Hidrografía.
9 (RLIN) 3694
852 4# - LOCALIZACIÓN
Ubicación ES-MaACL
Número de control de estantería G-11309
Nota libre - Enc. hol.
856 4# - LOCALIZACIÓN Y ACCESO ELECTRÓNICOS
Identificador Uniforme de Recursos <a href="http://www.bilbao.eus/bld/handle/123456789/37104 ">http://www.bilbao.eus/bld/handle/123456789/37104 </a>
Nota pública Bilboko Liburutegi Digitala
Holdings
Estatus retirado Estado de pérdida Estado de daño No para préstamo Colección Biblioteca de origen Biblioteca actual Ubicación en estantería Fecha de adquisición Fuente de adquisición Total de préstamos Signatura topográfica completa Código de barras Visto por última vez Precio de reemplazo Tipo de ítem Koha
        Colección digital Biblioteca del Ateneo de Madrid Biblioteca del Ateneo de Madrid Sala Pecera Planta 3 17/01/2008     G-11309 1168146 23/02/2023 23/02/2023 Libro impreso antiguo